000 00713nam a2200193Ia 4500
005 20240530110950.0
008 140319s1985 xx 000 0 ara d
040 _aGCL /
_cGCL
082 0 4 _a657.835
_bع ن
100 1 _aعبدالحى مرعى
245 1 2 _aالنظام المحاسبى الموحد :
_bالمشاكل المحاسبية المعاصرة /
_cعبدالحى مرعى
260 _aالاسكندرية :
_bمؤسسة شباب الجامعة ،
_c1985
300 _a583 ص؛
_c24 سم
650 0 4 _aالمحاسبة
650 0 4 _aالمحاسبة الحكومية
650 0 4 _aالنظام المحاسبى الموحد
942 _2ddc
_cBK
999 _c66974
_d66974